000 00302nam a2200133 i 4500
001 bg
100 1 _aWAGNER, F.
245 0 _aMikrokomputry rodziny 8048 /
_cF. Wagner.
260 _aZielona Góra,
_c1984.
040 _cBPK
041 _apol
942 _cKS
008 s pl f |000 0 pol
999 _c2576
_d2576
856 _uhttp://koha.tu.koszalin.pl/cgi-bin/koha/opac-detail.pl?biblionumber=2576
_yKatalog online BPK